| Tag |
First Indicator |
Second Indicator |
Subfields |
| LEADER |
00000cam a2200000 4500 |
| 001 |
in00000030628 |
| 005 |
20151007062948.0 |
| 008 |
750328r19391939nyu b 00010 eng u |
| 010 |
|
|
|a 40001481
|
| 035 |
|
|
|a (OCoLC)01242285
|
| 035 |
|
|
|9 AAD6209AM
|
| 040 |
|
|
|c MIA
|d TXA
|d UtOrBLW
|
| 049 |
|
|
|a TXAM
|c [403895]
|
| 050 |
0 |
0 |
|a Z2013
|b .T62
|
| 082 |
0 |
|
|a 016.82
|
| 092 |
|
|
|a 820
|b A1T629e, 1939r
|
| 100 |
1 |
|
|a Tobin, James Edward.
|
| 245 |
1 |
0 |
|a Eighteenth century English literature and its cultural background ;
|b a bibliography /
|c [by] James E. Tobin, PH.D.
|
| 264 |
|
1 |
|a New York :
|b Fordham University Press,
|c 1939.
|
| 300 |
|
|
|a vii, 1 unnumbered page, 1 ., 190 pages ;
|c 24 cm.
|
| 336 |
|
|
|a text
|b txt
|2 rdacontent
|
| 337 |
|
|
|a unmediated
|b n
|2 rdamedia
|
| 338 |
|
|
|a volume
|b nc
|2 rdacarrier
|
| 500 |
|
|
|a "First edition."
|
| 500 |
|
|
|a "Part two, Bibliographies of individual authors": pages [65]-180.
|
| 650 |
|
0 |
|a English literature
|y 18th century
|v Bibliography.
|
| 999 |
|
|
|a MARS
|
| 999 |
f |
f |
|s 10cdaadd-61d6-3ee4-8db0-0b1839c24aee
|i 7451a8f2-edaf-3622-b3d0-3a4c160ef496
|t 0
|
| 952 |
f |
f |
|p normal
|a Texas A&M University
|b College Station
|c Sterling C. Evans Library
|d Evans: Library Stacks
|t 0
|e Z2013 .T62
|h Library of Congress classification
|i unmediated -- volume
|m A14801266232
|
| 998 |
f |
f |
|a Z2013 .T62
|t 0
|l Evans: Library Stacks
|